[Event "Schwarzach op 31st"]
[Site "Schwarzach"]
[Date "2016.08.24"]
[Round "6"]
[White "Klek, Hanna Marie"]
[Black "Lentjes, Noud"]
[Result "0-1"]
[WhiteElo "2335"]
[BlackElo "2239"]
[PlyCount "152"]
[EventDate "2016.08.20"]
[EventType "swiss"]
[EventRounds "9"]
[EventCountry "AUT"]
[SourceTitle "CBM 174 Extra"]
[Source "ChessBase"]
[SourceDate "2016.10.10"]
[SourceVersion "1"]
[SourceVersionDate "2016.10.10"]
[SourceQuality "1"]

1. e4 c5 2. Nf3 d6 3. Bb5+ Nd7 4. 0-0 a6 5. Bd3 Ngf6 6. c3 e5 7. a4 b6 8. Bc2 Be7 9. d3 0-0 10. h3 Bb7 11. Qe2 Qc7 12. Na3 d5 13. exd5 Nxd5 14. Nc4 Bf6 15. Re1 Rae8 16. Bb3 Qb8 17. Nh2 Bd8 18. Nf1 Kh8 19. d4 Bc7 20. dxc5 Nxc5 21. Bc2 f5 22. Be3 Re6 23. Bxc5 Nf4 24. Qd2 bxc5 25. Ng3 Nxg2 26. Bxf5 Nxe1 27. Rxe1 Ref6 28. Qg5 g6 29. Be4 Bc8 30. Qh6 Bf5 31. Ne3 Qxb2 32. Nd5 Bd8 33. Nxf6 Rxf6 34. Qe3 Bxh3 35. Rb1 Qa2 36. Rb8 Rf8 37. Qxc5 Qf7 38. Rb7 Qf4 39. Qa7 Qc1+ 40. Kh2 Qh6 41. Kg1 a5 42. Rf7 Be6 43. Rxf8+ Qxf8 44. Qb8 Kg7 45. Qxe5+ Qf6 46. Qd6 Bf7 47. Qd3 Bc7 48. Kg2 h5 49. Bf3 h4 50. Ne4 Qf4 51. Qd7 Kh6 52. Nd2 Bd6 53. Bc6 g5 54. Bf3 Bg6 55. Nf1 Bf5 56. Qc6 g4 57. Bd5 Bd3 58. Qe8 Be5 59. Qe6+ Bg6 60. Ne3 Kg5 61. Qe7+ Bf6 62. Qc5 Qe5 63. Qxa5 h3+ 64. Kf1 Bd3+ 65. Ke1 h2 66. Qb4 Qxc3+ 67. Qxc3 Bxc3+ 68. Kd1 Kf4 69. Bg2 g3 70. Nd5+ Ke5 71. f4+ Kd4 72. Nxc3 Kxc3 73. Ke1 Kd4 74. a5 Be4 75. Kf1 Bxg2+ 76. Kxg2 Ke3 0-1

[Event "Schwarzach op 31st"]
[Site "Schwarzach"]
[Date "2016.08.23"]
[Round "5"]
[White "Lentjes, Noud"]
[Black "Wertjanz, David"]
[Result "1/2-1/2"]
[WhiteElo "2239"]
[BlackElo "2286"]
[PlyCount "93"]
[EventDate "2016.08.20"]
[EventType "swiss"]
[EventRounds "9"]
[EventCountry "AUT"]
[SourceTitle "CBM 174 Extra"]
[Source "ChessBase"]
[SourceDate "2016.10.10"]
[SourceVersion "1"]
[SourceVersionDate "2016.10.10"]
[SourceQuality "1"]

1. e4 c5 2. Nf3 d6 3. d4 cxd4 4. Nxd4 Nf6 5. Nc3 Nc6 6. Bg5 Bd7 7. Qd2 Rc8 8. 0-0-0 Nxd4 9. Qxd4 Qa5 10. Bd2 a6 11. Kb1 e5 12. Qd3 Ng4 13. Nd5 Qc5 14. Be3 Nxe3 15. Nxe3 Be6 16. Be2 Be7 17. g4 Bg5 18. Nf5 Bxf5 19. exf5 0-0 20. h4 Bf4 21. Bf3 Qxf2 22. Be4 Qe3 23. Qxe3 Bxe3 24. Rxd6 b6 25. Re1 Bf2 26. Re2 Rfd8 27. Rd3 Bxh4 28. Bb7 Rxd3 29. cxd3 Rc7 30. Rxe5 f6 31. Re8+ Kf7 32. Rb8 Bf2 33. Bxa6 Ke7 34. Bc4 Kd6 35. b4 Ke5 36. Re8+ Kf4 37. Re4+ Kg3 38. a4 Rd7 39. a5 bxa5 40. bxa5 g6 41. a6 gxf5 42. gxf5 h5 43. Bb5 Rd4 44. Bc6 Rxd3 45. Re6 Ra3 46. Rxf6 Rxa6 47. Rg6+ 1/2-1/2

[Event "Schwarzach op 31st"]
[Site "Schwarzach"]
[Date "2016.08.21"]
[Round "2"]
[White "Stevic, Hrvoje"]
[Black "Lentjes, Noud"]
[Result "1/2-1/2"]
[WhiteElo "2611"]
[BlackElo "2239"]
[PlyCount "81"]
[EventDate "2016.08.20"]
[EventType "swiss"]
[EventRounds "9"]
[EventCountry "AUT"]
[SourceTitle "CBM 174 Extra"]
[Source "ChessBase"]
[SourceDate "2016.10.10"]
[SourceVersion "1"]
[SourceVersionDate "2016.10.10"]
[SourceQuality "1"]

1. e4 c5 2. d3 Nc6 3. f4 d6 4. Nf3 g6 5. Be2 Bg7 6. 0-0 Nf6 7. Kh1 0-0 8. Qe1 Bd7 9. Qh4 Rc8 10. c4 a6 11. Nc3 Nd4 12. f5 gxf5 13. Bh6 Bxh6 14. Qxh6 Kh8 15. Ng5 Ne6 16. Rxf5 Nxg5 17. Rxg5 Rg8 18. Rf1 Rxg5 19. Qxg5 Qg8 20. Qh4 Qg7 21. Rf4 Be6 22. Bf1 Rg8 23. g3 b5 24. cxb5 axb5 25. Nxb5 Ng4 26. Nc7 Bxa2 27. Qxe7 Qxb2 28. Qh4 Qa1 29. Nd5 Bxd5 30. exd5 f6 31. Kg1 f5 32. Qe7 Qb2 33. Be2 Rg7 34. Qe8+ Rg8 35. Qe7 Rg7 36. Qe6 Rg6 37. Qe8+ Rg8 38. Qe6 Rg6 39. Qe7 Rg7 40. Qf8+ Rg8 41. Qe7 1/2-1/2

[Event "Leiden op-A 10th"]
[Site "Leiden"]
[Date "2016.07.18"]
[Round "4"]
[White "Lentjes, Noud"]
[Black "Hendriks, Willy"]
[Result "0-1"]
[WhiteElo "2250"]
[BlackElo "2407"]
[PlyCount "68"]
[EventDate "2016.07.15"]
[EventType "swiss"]
[EventRounds "9"]
[EventCountry "NED"]
[SourceTitle "CBM 173 Extra"]
[Source "ChessBase"]
[SourceDate "2016.08.29"]
[SourceVersion "1"]
[SourceVersionDate "2016.08.29"]
[SourceQuality "1"]

1. c4 g6 2. Nf3 Bg7 3. d4 Nf6 4. Nc3 0-0 5. e4 d6 6. Be2 c5 7. 0-0 Nc6 8. d5 Na5 9. Bd2 e5 10. a3 b6 11. b4 Nb7 12. Qc1 Ne8 13. Ne1 f5 14. exf5 gxf5 15. Bh6 Qf6 16. Bxg7 Qxg7 17. f4 e4 18. Qe3 Nf6 19. Nc2 Bd7 20. Qd2 h5 21. Ne3 Ng4 22. Bxg4 hxg4 23. g3 Rac8 24. b5 Na5 25. Rad1 Nb3 26. Qb2 Nd4 27. Rf2 Kf7 28. Ra1 Rh8 29. Ra2 Rh3 30. Rg2 Rch8 31. Nf1 Nf3+ 32. Kh1 Qd4 33. Qb3 Rxh2+ 34. Rxh2 Qg1# 0-1

[Event "Leiden Noteboom Memorial 76th"]
[Site "Leiden"]
[Date "2016.02.06"]
[Round "2"]
[White "Ratsma, Rosa"]
[Black "Lentjes, Noud"]
[Result "0-1"]
[WhiteElo "2037"]
[BlackElo "2217"]
[PlyCount "67"]
[EventDate "2016.02.05"]
[EventType "swiss"]
[EventRounds "6"]
[EventCountry "NED"]
[SourceTitle "CBM 170 Extra"]
[Source "ChessBase"]
[SourceDate "2016.02.25"]
[SourceVersion "1"]
[SourceVersionDate "2016.02.25"]
[SourceQuality "1"]

1. e4 c5 2. Nf3 d6 3. d4 cxd4 4. Nxd4 Nf6 5. Nc3 Bd7 6. Be2 g6 7. Be3 Bg7 8. f4 Nc6 9. Bf3 0-0 10. 0-0 Qb6 11. Kh1 Ng4 12. Bxg4 Bxg4 13. Qxg4 Bxd4 14. Bxd4 Qxd4 15. Rad1 Qb4 16. Nd5 Qxe4 17. b4 Nxb4 18. Rfe1 Nd3 19. Rxe4 Nf2+ 20. Kg1 Nxg4 21. Rxe7 Rfc8 22. c3 b6 23. Nc7 Kf8 24. Rde1 Rab8 25. Na6 Re8 26. Rxe8+ Rxe8 27. Rxe8+ Kxe8 28. Nc7+ Kd7 29. Nd5 Kc6 30. Ne7+ Kc5 31. h3 Nf6 32. Kf2 Nd5 33. Nxd5 Kxd5 34. Ke3 0-1

[Event "Lueneburg op-A"]
[Site "Lueneburg"]
[Date "2015.08.22"]
[Round "8"]
[White "Gomolla, Peter"]
[Black "Lentjes, Noud"]
[Result "1/2-1/2"]
[WhiteElo "2201"]
[BlackElo "2116"]
[PlyCount "58"]
[EventDate "2015.08.15"]
[EventType "swiss"]
[EventRounds "9"]
[EventCountry "GER"]
[SourceTitle "EXT 2016"]
[Source "ChessBase"]
[SourceDate "2015.10.08"]
[SourceVersion "1"]
[SourceVersionDate "2015.10.08"]
[SourceQuality "1"]

1. e4 e6 2. d4 d5 3. Nd2 c5 4. exd5 Qxd5 5. Ngf3 cxd4 6. Bc4 Qd6 7. 0-0 Nf6 8. Nb3 Nc6 9. Nbxd4 Nxd4 10. Qxd4 Qxd4 11. Nxd4 Bd7 12. c3 Rc8 13. Be2 Bc5 14. Nb3 Bb6 15. Bf3 Bc6 16. Bxc6+ Rxc6 17. Bf4 Ke7 18. Rad1 Nd5 19. Be5 f6 20. Bd4 Rhc8 21. Rfe1 Kf7 22. g3 a6 23. Bxb6 Rxb6 24. Rd4 Rc7 25. Red1 Rbc6 26. Na5 Rc5 27. Nb3 R5c6 28. Na5 Rc5 29. Nb3 R5c6 1/2-1/2

[Event "Vlissingen HZ op 19th"]
[Site "Vlissingen"]
[Date "2015.08.08"]
[Round "9"]
[White "Lentjes, Noud"]
[Black "De Jong, Migchiel"]
[Result "0-1"]
[WhiteElo "2116"]
[BlackElo "2319"]
[PlyCount "122"]
[EventDate "2015.08.01"]
[EventType "swiss"]
[EventRounds "9"]
[EventCountry "NED"]
[SourceTitle "CBM 167 Extra"]
[Source "ChessBase"]
[SourceDate "2015.09.14"]
[SourceVersion "1"]
[SourceVersionDate "2015.09.14"]
[SourceQuality "1"]

1. e4 e6 2. d4 d5 3. Nd2 c5 4. exd5 Qxd5 5. Ngf3 cxd4 6. Bc4 Qd6 7. 0-0 Nf6 8. Nb3 Nc6 9. Nbxd4 Nxd4 10. Nxd4 a6 11. Re1 Qc7 12. Bb3 Bd6 13. Nf5 Bxh2+ 14. Kh1 0-0 15. Nxg7 Rd8 16. Qf3 Kxg7 17. Bh6+ Kg6 18. c3 Nh5 19. Be3 f5 20. g4 Nf6 21. Bc2 Bd7 22. gxf5+ exf5 23. Qg2+ Bg3 24. Qxg3+ Qxg3 25. fxg3 Bc6+ 26. Kg1 Be4 27. Bb3 Ng4 28. Bf4 Kf6 29. Rad1 Ne5 30. Rxd8 Rxd8 31. Re2 b5 32. Bc2 Ng6 33. Be3 Bxc2 34. Rxc2 Rd1+ 35. Kg2 h5 36. Bd4+ Kg5 37. Kf3 Rf1+ 38. Kg2 Re1 39. Kf3 Re4 40. Be3+ Kf6 41. Bd4+ Ke6 42. Rh2 h4 43. gxh4 Nxh4+ 44. Kf2 Rf4+ 45. Ke2 Rg4 46. Bf2 Ng6 47. Rh7 Nf4+ 48. Kf3 Nd3 49. Rh6+ Kd5 50. Bd4 Nxb2 51. Rxa6 Nc4 52. a4 b4 53. Rf6 Nd6 54. Rf8 Rh4 55. Kg3 Re4 56. Kf3 b3 57. Rb8 Nc4 58. a5 b2 59. Kf2 Re6 60. Rb5+ Ke4 61. Ke2 f4 0-1

[Event "Vlissingen HZ op 19th"]
[Site "Vlissingen"]
[Date "2015.08.03"]
[Round "4"]
[White "Bandsma, Arend"]
[Black "Lentjes, Noud"]
[Result "0-1"]
[WhiteElo "1822"]
[BlackElo "2116"]
[PlyCount "36"]
[EventDate "2015.08.01"]
[EventType "swiss"]
[EventRounds "9"]
[EventCountry "NED"]
[SourceTitle "CBM 167 Extra"]
[Source "ChessBase"]
[SourceDate "2015.09.14"]
[SourceVersion "1"]
[SourceVersionDate "2015.09.14"]
[SourceQuality "1"]

1. Nf3 d5 2. g3 Nf6 3. Bg2 c6 4. 0-0 h6 5. d3 Bf5 6. Nbd2 e6 7. Re1 Be7 8. Nf1 0-0 9. N3d2 a5 10. e4 Bh7 11. e5 Nfd7 12. Nf3 c5 13. h4 Nc6 14. c3 Rc8 15. h5 b5 16. Bf4 d4 17. cxd4 cxd4 18. a3 Nc5 0-1

[Event "Vlissingen HZ op 19th"]
[Site "Vlissingen"]
[Date "2015.08.02"]
[Round "3"]
[White "Lentjes, Noud"]
[Black "De Kleuver, Jonathan"]
[Result "1-0"]
[WhiteElo "2116"]
[BlackElo "1879"]
[PlyCount "45"]
[EventDate "2015.08.01"]
[EventType "swiss"]
[EventRounds "9"]
[EventCountry "NED"]
[SourceTitle "CBM 167 Extra"]
[Source "ChessBase"]
[SourceDate "2015.09.14"]
[SourceVersion "1"]
[SourceVersionDate "2015.09.14"]
[SourceQuality "1"]

1. e4 d5 2. exd5 Nf6 3. Bb5+ c6 4. dxc6 bxc6 5. Be2 e5 6. d3 Bc5 7. Bf3 Qb6 8. Qe2 0-0 9. Nd2 Ba6 10. Nh3 h6 11. 0-0 Nbd7 12. Ne4 Rfe8 13. Rb1 Rec8 14. Be3 Nxe4 15. Bxe4 Nf6 16. Qf3 Nd5 17. Bd2 Bb4 18. c3 Bc5 19. b4 Bf8 20. b5 Rab8 21. Rb3 Bb7 22. bxc6 Qxc6 23. c4 1-0

[Event "Vlissingen HZ op 19th"]
[Site "Vlissingen"]
[Date "2015.08.02"]
[Round "2"]
[White "Werle, Jan"]
[Black "Lentjes, Noud"]
[Result "1-0"]
[WhiteElo "2525"]
[BlackElo "2116"]
[PlyCount "55"]
[EventDate "2015.08.01"]
[EventType "swiss"]
[EventRounds "9"]
[EventCountry "NED"]
[SourceTitle "CBM 167 Extra"]
[Source "ChessBase"]
[SourceDate "2015.09.14"]
[SourceVersion "1"]
[SourceVersionDate "2015.09.14"]
[SourceQuality "1"]

1. d4 d5 2. c4 c6 3. Nc3 Nf6 4. e3 e6 5. Nf3 Nbd7 6. Bd3 dxc4 7. Bxc4 b5 8. Bd3 Bd6 9. 0-0 0-0 10. h3 Bb7 11. e4 e5 12. Re1 a6 13. Bg5 Qc7 14. dxe5 Bxe5 15. Nxe5 Nxe5 16. Bxf6 gxf6 17. Bf1 Rad8 18. Qc1 Ng6 19. Ne2 Qe5 20. Ng3 c5 21. a4 c4 22. axb5 axb5 23. Ra5 Rd4 24. Qh6 Qf4 25. Qxf4 Nxf4 26. Rxb5 Ba8 27. Rb4 Rc8 28. Nf5 1-0

[Event "Dieren op"]
[Site "Dieren"]
[Date "2015.07.24"]
[Round "4"]
[White "Yankelevich, Lev"]
[Black "Lentjes, Noud"]
[Result "1-0"]
[WhiteElo "2420"]
[BlackElo "2116"]
[PlyCount "57"]
[EventDate "2015.07.21"]
[EventType "swiss"]
[EventRounds "9"]
[EventCountry "NED"]
[SourceTitle "CBM 167 Extra"]
[Source "ChessBase"]
[SourceDate "2015.09.14"]
[SourceVersion "1"]
[SourceVersionDate "2015.09.14"]
[SourceQuality "1"]

1. d4 d5 2. c4 c6 3. Nf3 Nf6 4. Nc3 dxc4 5. a4 e6 6. e3 Nbd7 7. Bxc4 Bb4 8. 0-0 0-0 9. e4 Bxc3 10. bxc3 Nxe4 11. Ba3 Re8 12. Bd3 f5 13. Qb3 Ndf6 14. Rfe1 Qb6 15. Qc4 Qa5 16. Rec1 Qd5 17. Qb4 c5 18. Qb1 c4 19. Bf1 Bd7 20. Qb4 Rac8 21. Bb2 g5 22. Rc2 a5 23. Qa3 g4 24. Ne5 Nd6 25. Bc1 Bc6 26. Bg5 Nh5 27. Qc1 Nf7 28. Nxc4 Kh8 29. Nb6 1-0

[Event "Dieren op"]
[Site "Dieren"]
[Date "2015.07.23"]
[Round "3"]
[White "Lentjes, Noud"]
[Black "Ikonnikov, Vyacheslav"]
[Result "0-1"]
[WhiteElo "2116"]
[BlackElo "2527"]
[PlyCount "100"]
[EventDate "2015.07.21"]
[EventType "swiss"]
[EventRounds "9"]
[EventCountry "NED"]
[SourceTitle "CBM 167 Extra"]
[Source "ChessBase"]
[SourceDate "2015.09.14"]
[SourceVersion "1"]
[SourceVersionDate "2015.09.14"]
[SourceQuality "1"]

1. e4 c5 2. Nf3 a6 3. c4 d6 4. d4 Bg4 5. dxc5 Bxf3 6. Qxf3 dxc5 7. Nc3 Nc6 8. Be3 e6 9. Qg3 Nf6 10. f4 Nb4 11. Rc1 Nd3+ 12. Bxd3 Qxd3 13. Qf3 0-0-0 14. Qe2 Nxe4 15. Qxd3 Rxd3 16. Ke2 Nxc3+ 17. Kxd3 Nxa2 18. Rcd1 Nb4+ 19. Ke4 Be7 20. Rd2 g6 21. Rhd1 h5 22. g3 Nc6 23. Rd7 Re8 24. R7d3 f5+ 25. Kf3 e5 26. Rd5 e4+ 27. Kg2 b6 28. h3 Na5 29. b3 Nxb3 30. Re5 Rd8 31. Rb1 Rd3 32. Rxe7 Rxe3 33. g4 a5 34. gxh5 gxh5 35. Rg1 Rd3 36. Kf2 Rd7 37. Rg8+ Kc7 38. Ree8 Nd2 39. Rc8+ Kb7 40. Rb8+ Ka6 41. Ra8+ Ra7 42. Rxa7+ Kxa7 43. Rg5 a4 44. Rxh5 a3 45. Rxf5 Nxc4 46. Rg5 b5 47. h4 a2 48. Rg1 b4 49. h5 Nd6 50. h6 Kb6 0-1

[Event "Maastricht Limburg op-A 9th"]
[Site "Maastricht"]
[Date "2015.05.25"]
[Round "7"]
[White "Lentjes, Noud"]
[Black "Bezemer, Arno J"]
[Result "0-1"]
[WhiteElo "2091"]
[BlackElo "2292"]
[PlyCount "86"]
[EventDate "2015.05.22"]
[EventType "swiss"]
[EventRounds "7"]
[EventCountry "NED"]
[SourceTitle "CBM 166 Extra"]
[Source "ChessBase"]
[SourceDate "2015.06.18"]
[SourceVersion "1"]
[SourceVersionDate "2015.06.18"]
[SourceQuality "1"]

1. e4 c5 2. Nf3 d6 3. Bb5+ Bd7 4. Bxd7+ Qxd7 5. 0-0 Nf6 6. c3 Nxe4 7. d4 e6 8. d5 e5 9. Re1 Nf6 10. Bf4 Be7 11. Bg5 0-0 12. c4 Qd8 13. Bxf6 Bxf6 14. Nc3 Nd7 15. Qd2 Be7 16. Ne4 h6 17. Ng3 f5 18. Qc2 g6 19. a3 Bf6 20. Rab1 a6 21. Nd2 Qc7 22. f3 b5 23. b3 Rab8 24. Rf1 Bg5 25. Ne2 Be3+ 26. Kh1 Qa5 27. b4 cxb4 28. axb4 Qc7 29. c5 Nf6 30. Qd3 Bxd2 31. Qxd2 dxc5 32. d6 Qc6 33. bxc5 f4 34. Rfc1 Kh7 35. Ra1 b4 36. Qd3 Rb5 37. Qc4 Kg7 38. Rab1 a5 39. Rb3 Nd7 40. Qe6 Rf6 41. Qe7+ Rf7 42. Qe8 Rxc5 43. Rxc5 Qxc5 0-1

[Event "Maastricht Limburg op-A 9th"]
[Site "Maastricht"]
[Date "2015.05.25"]
[Round "6"]
[White "Schoppen, Casper"]
[Black "Lentjes, Noud"]
[Result "1/2-1/2"]
[WhiteElo "2202"]
[BlackElo "2091"]
[PlyCount "116"]
[EventDate "2015.05.22"]
[EventType "swiss"]
[EventRounds "7"]
[EventCountry "NED"]
[SourceTitle "CBM 166 Extra"]
[Source "ChessBase"]
[SourceDate "2015.06.18"]
[SourceVersion "1"]
[SourceVersionDate "2015.06.18"]
[SourceQuality "1"]

1. d4 d5 2. c4 c6 3. Nf3 Nf6 4. e3 e6 5. Nc3 Nbd7 6. Bd3 dxc4 7. Bxc4 Bd6 8. e4 e5 9. dxe5 Bxe5 10. Nxe5 Nxe5 11. Qxd8+ Kxd8 12. Be2 Re8 13. Bf4 Ng6 14. Bg5 Kc7 15. f3 Be6 16. Kf2 Nd7 17. Rac1 a6 18. b3 f6 19. Be3 Rad8 20. f4 Bf7 21. h4 Ne7 22. g4 Nc8 23. Bf3 Nd6 24. Rhe1 Nb5 25. Ne2 Bg6 26. Ng3 Nf8 27. g5 fxg5 28. hxg5 Nd6 29. f5 Bf7 30. Bf4 Kb6 31. e5 Nc8 32. e6 Bg8 33. Nh5 g6 34. Nf6 gxf5 35. Nxg8 Nxe6 36. Nf6 Nxf4 37. Rxe8 Rxe8 38. Kg3 Nd3 39. Rxc6+ bxc6 40. Nxe8 Nc1 41. Kf4 Nxa2 42. Kxf5 Nc1 43. Bd1 Nd3 44. Nf6 Nf2 45. Bc2 Nh3 46. Nxh7 Kc5 47. Ke6 Nb6 48. Ke5 Nd7+ 49. Ke4 Nxg5+ 50. Nxg5 Kb4 51. Ne6 Kc3 52. Bd1 a5 53. Ke3 c5 54. Nc7 Nb6 55. Nb5+ Kb4 56. Nd6 c4 57. bxc4 Nxc4+ 58. Nxc4 Kxc4 1/2-1/2

[Event "NED-ch U21"]
[Site "Rotterdam"]
[Date "2015.05.07"]
[Round "7"]
[White "Vereggen, Lars"]
[Black "Lentjes, Noud"]
[Result "1-0"]
[WhiteElo "2299"]
[BlackElo "2091"]
[PlyCount "99"]
[EventDate "2015.05.02"]
[EventType "swiss"]
[EventRounds "9"]
[EventCountry "NED"]
[SourceTitle "EXT 2016"]
[Source "ChessBase"]
[SourceDate "2015.10.08"]
[SourceVersion "1"]
[SourceVersionDate "2015.10.08"]
[SourceQuality "1"]

1. d4 d5 2. Nf3 Nf6 3. c4 c6 4. e3 e6 5. Bd3 dxc4 6. Bxc4 Bd6 7. 0-0 Nbd7 8. Nc3 0-0 9. e4 e5 10. Bb3 Qe7 11. Bg5 h6 12. Bh4 Re8 13. dxe5 Nxe5 14. Nxe5 Bxe5 15. f4 Bxc3 16. bxc3 Bg4 17. Qd4 c5 18. Qc4 Be6 19. Qb5 Bd7 20. Qxb7 Qxe4 21. Qc7 Rac8 22. Qxa7 Qe3+ 23. Bf2 Qe4 24. Rae1 Qc6 25. Rxe8+ Nxe8 26. Rd1 Nf6 27. Re1 c4 28. Bd1 Ra8 29. Qd4 Rxa2 30. Bf3 Qa4 31. h3 Qc2 32. Bh4 Bf5 33. Kh2 Qd3 34. Bf2 Kh7 35. Rd1 Qc2 36. Be3 Ra3 37. Rc1 Qb3 38. g4 Ra2+ 39. Kg3 Bd3 40. g5 hxg5 41. fxg5 Qb8+ 42. Bf4 Qb2 43. gxf6 Bf5 44. Qg1 gxf6 45. h4 Ra3 46. Qf2 Qb5 47. Qd4 Qa6 48. Qd6 Qa7 49. Qxf6 Bg6 50. Be5 1-0

[Event "NED-ch U21"]
[Site "Rotterdam"]
[Date "2015.05.05"]
[Round "5"]
[White "Ratsma, Midas"]
[Black "Lentjes, Noud"]
[Result "0-1"]
[WhiteElo "2182"]
[BlackElo "2091"]
[PlyCount "94"]
[EventDate "2015.05.02"]
[EventType "swiss"]
[EventRounds "9"]
[EventCountry "NED"]
[SourceTitle "EXT 2016"]
[Source "ChessBase"]
[SourceDate "2015.10.08"]
[SourceVersion "1"]
[SourceVersionDate "2015.10.08"]
[SourceQuality "1"]

1. d4 d5 2. c4 c6 3. Nf3 Nf6 4. Nc3 dxc4 5. a4 Bf5 6. Ne5 Nbd7 7. Nxc4 Nb6 8. Ne5 a5 9. f3 Nfd7 10. Nxd7 Nxd7 11. e4 Bg6 12. Be3 Qb6 13. Qd2 e5 14. Rd1 0-0-0 15. g3 exd4 16. Bxd4 Bc5 17. Bh3 Bxd4 18. Qxd4 Qxd4 19. Rxd4 Kc7 20. Kf2 Nc5 21. Rhd1 f6 22. Ke3 Bf7 23. b4 axb4 24. Rxb4 Rxd1 25. Nxd1 Ra8 26. Nb2 Bb3 27. Rd4 Bxa4 28. Nd3 Nxd3 29. Rd7+ Kb6 30. Kxd3 Bb5+ 31. Ke3 Ra3+ 32. Kf4 c5 33. Rxg7 c4 34. Bf5 Bc6 35. Bxh7 Rd3 36. e5 Rxf3+ 37. Kg4 fxe5 38. Re7 Re3 39. h4 e4 40. Bg8 c3 41. Bb3 Re2 42. Rf7 Rb2 43. Bd1 e3 44. h5 e2 45. Bxe2 Rxe2 46. h6 c2 47. Rf1 Be4 0-1

[Event "NED-ch U21"]
[Site "Rotterdam"]
[Date "2015.05.03"]
[Round "2"]
[White "Maris, Ivo"]
[Black "Lentjes, Noud"]
[Result "1-0"]
[WhiteElo "2239"]
[BlackElo "2091"]
[PlyCount "67"]
[EventDate "2015.05.02"]
[EventType "swiss"]
[EventRounds "9"]
[EventCountry "NED"]
[SourceTitle "EXT 2016"]
[Source "ChessBase"]
[SourceDate "2015.10.08"]
[SourceVersion "1"]
[SourceVersionDate "2015.10.08"]
[SourceQuality "1"]

1. Nf3 Nf6 2. g3 d5 3. Bg2 g6 4. b3 Bg7 5. Bb2 0-0 6. 0-0 c6 7. d3 Nbd7 8. Nbd2 Re8 9. d4 b6 10. c4 Bb7 11. Rc1 Rc8 12. Re1 Rc7 13. Qc2 e6 14. Qb1 Qc8 15. Rcd1 Rd8 16. e4 Nxe4 17. Nxe4 dxe4 18. Qxe4 Nf8 19. Qe2 c5 20. dxc5 Rxc5 21. Rxd8 Qxd8 22. Rd1 Qc7 23. Ba3 Rh5 24. Bd6 Qc8 25. g4 Ra5 26. Bb4 Ra6 27. a4 Nd7 28. Qd2 Nc5 29. Qd8+ Qxd8 30. Rxd8+ Bf8 31. Nd4 Bxg2 32. Kxg2 e5 33. Nc6 Ne6 34. Rc8 1-0

[Event "Vlissingen HZ op 18th"]
[Site "Vlissingen"]
[Date "2014.08.08"]
[Round "8"]
[White "Van de Breevaart, Rick"]
[Black "Lentjes, Noud"]
[Result "0-1"]
[WhiteElo "1957"]
[BlackElo "2073"]
[PlyCount "58"]
[EventDate "2014.08.02"]
[EventType "swiss"]
[EventRounds "9"]
[EventCountry "NED"]
[SourceTitle "CBM 161 Extra"]
[Source "ChessBase"]
[SourceDate "2014.08.29"]
[SourceVersion "1"]
[SourceVersionDate "2014.08.29"]
[SourceQuality "1"]

1. e4 c5 2. Nf3 d6 3. Bc4 e6 4. Nc3 Nc6 5. d4 cxd4 6. Nxd4 Nf6 7. f3 Be7 8. Nb3 a6 9. Be3 b5 10. Be2 Rb8 11. a3 Qc7 12. 0-0 0-0 13. Qd2 Ne5 14. Bf2 Nc4 15. Qc1 Bb7 16. Nd2 Rfd8 17. b3 Nxd2 18. Qxd2 Rbc8 19. Na2 Qxc2 20. Qd3 Qxd3 21. Bxd3 Nd7 22. Rfc1 Bf6 23. Rab1 Nc5 24. Bf1 Nd7 25. a4 Rxc1 26. Rxc1 bxa4 27. bxa4 Nc5 28. Bxc5 dxc5 29. Rxc5 Bd4+ 0-1

[Event "Maastricht Limburg op-A 8th"]
[Site "Maastricht"]
[Date "2014.06.09"]
[Round "6"]
[White "Wilschut, Peter"]
[Black "Lentjes, Noud"]
[Result "1/2-1/2"]
[WhiteElo "2258"]
[BlackElo "2054"]
[PlyCount "129"]
[EventDate "2014.06.06"]
[EventType "swiss"]
[EventRounds "7"]
[EventCountry "NED"]
[SourceTitle "CBM 160 Extra"]
[Source "ChessBase"]
[SourceDate "2014.07.01"]
[SourceVersion "1"]
[SourceVersionDate "2014.07.01"]
[SourceQuality "1"]

1. Nf3 e6 2. g3 b6 3. Bg2 Bb7 4. 0-0 Nf6 5. d3 d5 6. Nbd2 Nbd7 7. c4 Be7 8. b3 0-0 9. Bb2 c5 10. e3 Rc8 11. Qe2 Qc7 12. e4 dxe4 13. dxe4 Nb8 14. Be5 Qd7 15. Rad1 Nc6 16. Nb1 Qe8 17. Bb2 Rd8 18. e5 Ng4 19. h3 Nh6 20. g4 Kh8 21. Nbd2 Nd4 22. Ne4 Bxe4 23. Qxe4 Qc6 24. Qb1 Qc7 25. a3 Nc6 26. Qe4 Na5 27. Qe3 Rxd1 28. Rxd1 Rd8 29. Rd3 Rxd3 30. Qxd3 Qd8 31. Qc2 Nc6 32. Bc3 Qd7 33. Bf1 Ng8 34. Qe4 g6 35. Be2 Kg7 36. Kg2 f5 37. gxf5 gxf5 38. Qf4 Qe8 39. Kf1 Qh5 40. h4 Qg6 41. Ng5 Bxg5 42. hxg5 h6 43. gxh6+ Qxh6 44. Qxh6+ Kxh6 45. f4 Nge7 46. Kf2 a5 47. Bf3 Kg6 48. Bd1 Kh6 49. Ke3 Kg6 50. Be1 Nd4 51. b4 axb4 52. axb4 Nec6 53. b5 Nb8 54. Kf2 Nd7 55. Kg3 Nf8 56. Bf2 Kh6 57. Bxd4 cxd4 58. c5 bxc5 59. b6 Nd7 60. b7 c4 61. Ba4 Nb8 62. Kf3 Kh5 63. Bb5 c3 64. Bd3 Kh4 65. Bc2 1/2-1/2

[Event "Maastricht Limburg op-A 8th"]
[Site "Maastricht"]
[Date "2014.06.08"]
[Round "5"]
[White "Beerdsen, Thomas"]
[Black "Lentjes, Noud"]
[Result "1-0"]
[WhiteElo "2205"]
[BlackElo "2054"]
[PlyCount "49"]
[EventDate "2014.06.06"]
[EventType "swiss"]
[EventRounds "7"]
[EventCountry "NED"]
[SourceTitle "CBM 160 Extra"]
[Source "ChessBase"]
[SourceDate "2014.07.01"]
[SourceVersion "1"]
[SourceVersionDate "2014.07.01"]
[SourceQuality "1"]

1. e4 e6 2. d4 d5 3. Nd2 dxe4 4. Nxe4 Nf6 5. Nxf6+ Qxf6 6. Nf3 h6 7. Be3 Bd6 8. Qd2 b6 9. 0-0-0 0-0 10. Bd3 Bb7 11. Ng5 Rd8 12. Ne4 Qh4 13. g3 Qh5 14. g4 Qa5 15. c3 Be7 16. Rhg1 c5 17. g5 cxd4 18. Bxd4 hxg5 19. Nxg5 e5 20. Ne6 fxe6 21. Qh6 Bf8 22. Qxe6+ Kh8 23. Qh3+ Kg8 24. Bg6 Rxd4 25. Qh7# 1-0